Répartition de la richesse et de la pauvreté dans le monde - 5ème - Statistiques

Statistiques générales
  • Ce quiz a été pris 261 fois
  • Le résultat moyen est 6 sur 10
Statistiques - réponses
Question Réponse % Correct
IDH signifie : Indice de Developpement Humain
93%
PIB signifie : Produit Intérieur Brut
78%
Lequel de ces éléments n'est pas un critère pour repérer la pauvreté ? Pratique de loisirs
73%
Quelle est la région française la plus pauvre ? Mayotte
72%
Quelle est la région française la plus riche ? L'Île-de-France
65%
Lequel de ces pays de l'hémisphère Sud est considéré comme un pays du Nord : Australie
63%
Dans les pays moins avancés, on est en dessous du seuil de pauvreté quand on gagne moins de : 60 $ / mois
50%
Comment se répartissent les richesse à Marseille Inégalement les quartiers Nord sont plus pauvres que les quartiers Sud.
40%
En France, on est en dessous du seuil de pauvreté quand on gagne moins de : 1000€ / mois
34%
IPM signifie : Indice de Pauvreté Multidimensionnelle
33%
Aucun quiz correspondant
Distribution des résultats
% des personnes avec chaque résultat
Percentile par nombre de réponses
Votre historique - résultats
Vous n’avez pas pris ce quiz